| 000 | 01650nam a2200265Ia 4500 | ||
|---|---|---|---|
| 003 | AR-RoIUNI | ||
| 005 | 20210303130956.0 | ||
| 007 | ta | ||
| 008 | 150616s2009 ag r 000 0 spa d | ||
| 020 | _a9789505570065 | ||
| 040 | _cIUNIR | ||
| 080 | _a159.922.7 | ||
| 100 | 1 |
_aSpitz, René A. _d1887-1974. _q(René Arpad), |
|
| 245 | 1 | 0 |
_aEl primer año de vida del niño _cRene A. Spitz ; en colaboración con W. Godfrey Cobliner. |
| 250 | _a1a. ed., 14 reimpr.. | ||
| 260 |
_aBuenos Aires : _bFondo de Cultura Económica, _c2009. |
||
| 300 |
_a294 p. : _bil. ; _c21 cm. |
||
| 490 | 0 | _aBiblioteca de psicología y psicoanálisis / dirigida por Ramón de la Fuente | |
| 505 | 1 | _aI. Introducción teórica -- II. El método -- III. La etapa sin objeto -- IV. La cuna de la percepción -- V. El precursor del objeto -- VI. La plasticidad de la psique infantil -- VII. El papel de las relaciones entre hijo y madre en el desarrollo del infante -- VIII. El establecimiento del objeto libidinal -- IX. El papel y la evolución de los impulsos instintuales -- X. desarrollo subsiguiente tras el establecimiento del segundo organizador -- XI. Los orígenes y comienzos de la comunicación humana: el tercer organizador de la psique -- XII. Relaciones de objeto desviada y perturbadas -- XIII. Perturbaciones psicotóxicas -- XIV. Enfermedades defectivas emocionales del infante -- XV. Los efectos de la pérdida del objeto: consideraciones psicológicas -- XVI. Conclusión. | |
| 650 | 4 |
_aPSICOLOGÍA _9108 |
|
| 650 | 4 |
_aNIÑOS _xPSICOLOGÍA |
|
| 650 | 4 | _aPSICOLOGÍA EVOLUTIVA | |
| 700 | 1 | _aCobliner, W. Godfrey. | |
| 942 |
_cBK _2cdu |
||
| 999 |
_c1405 _d1405 |
||